000
00302nam a22001337a 4500
008
210322b ||||| |||| 00| 0 eng d
041
_a
eng
080
_a
004
082
_a
004
100
_a
28
101
_a
SHKI
245
_a
Microsoft QuickC Compiler C for Yourself
_c
Olivetti. C
942
_2
udc
_c
BK
999
_c
56623
_d
56623